01001nam a2200241 a 4500001001200000003000800012006001900020007001500039008004100054040002100095035002100116050002300137245009900160260006000259300001200319490004700331533015200378650004000530655002900570710001700599856012600616999001700742ebr10039975CaPaEBRm u cr cn|||||||||090805s2003 dcu s 000 0 eng d aCaPaEBRcCaPaEBR a(OCoLC)56799014714aK3880b.S73 2003eb00aState regulation of animal feeding operationsh[electronic resource] :bseven state summaries. aWashington, D.C. :bEnvironmental Law Institute,c2003. a[87] p.0 aEnvironmental law reporter news & analysis aElectronic reproduction.bPalo Alto, Calif. :cebrary,d2009.nAvailable via World Wide Web.nAccess may be limited to ebrary affiliated libraries. 0aFactory farmsxLaw and legislation. 7aElectronic books.2local2 aebrary, Inc.40uhttp://site.ebrary.com/lib/rucke/Doc?id=10039975zAn electronic book accessible through the World Wide Web; click to view c60005d60005